000 00467nam a22001817a 4500
003 NUST - PNEC
005 20170116181202.0
008 160217b xxu||||| |||| 00| 0 eng d
020 _a9695030821
040 _cLIBRARY
082 _a891.4391 HAM
100 _916482
_aHamid Ali Khan
245 _aDeewan-e-Ghalib
_cHamid Ali Khan
260 _aLahore:
_bAl Faisal;
_c2007
300 _a240 pages
650 _916483
_aUrdu Literature
_xGeneral
942 _2ddc
_cBK
999 _c71498
_d71498